Nekonvenčné prístupy k tvorbe stratégie
Dôležitosť rýchlej reakcie na nepredvídané okolnosti a podľa toho upravovať stratégiu. Spontánne javy a neplánované aktivity v strategickom manažmente. Prieskum o implicitných prístupoch a metódach v strategickom manažmente v podnikoch na Slovensku uskutočnený v roku 2007 a 2008.
Saved in:
| Main Author: | |
|---|---|
| Other Authors: | |
| Format: | Book Chapter |
| Language: | Slovak |
| Subjects: | |
| Tags: |
No Tags, Be the first to tag this record!
|
MARC
| LEADER | 00000nla$a2200000$$$4500 | ||
|---|---|---|---|
| 001 | 0118005 | ||
| 005 | 20240502083307.2 | ||
| 041 | 0 | |a slo | |
| 044 | |a CZ | ||
| 245 | 1 | 0 | |a Nekonvenčné prístupy k tvorbe stratégie |c Štefan Slávik, Katarína Priečková |
| 520 | |a Dôležitosť rýchlej reakcie na nepredvídané okolnosti a podľa toho upravovať stratégiu. Spontánne javy a neplánované aktivity v strategickom manažmente. Prieskum o implicitných prístupoch a metódach v strategickom manažmente v podnikoch na Slovensku uskutočnený v roku 2007 a 2008. | ||
| 610 | 2 | 0 | |a manažment strategický |
| 610 | 2 | 0 | |a riadenie strategické |
| 610 | 2 | 0 | |a stratégia podniková |
| 610 | 2 | 0 | |a manažéri |
| 610 | 2 | 0 | |a rozhodovanie |
| 610 | 2 | 0 | |a prieskum informačný |
| 100 | 1 | |a Slávik, Štefan, 1955- | |
| 700 | 1 | |a Priečková, Katarína, 1983- | |